000 00395pab a2200145 454500
008 180718b1991 xxu||||| |||| 00| 0 eng d
100 _aMcCleary, William
245 _aThe earmarking of government revenue
_bA review of some world Bank experience
260 _c1991
300 _a81-104
362 _aJan.
650 _aFinance, Public
773 _aWorld Bank Research Observer
909 _a8940
999 _c8940
_d8940